| 000 -CABECERA |
| Longitud fija campo de control |
00910nam a2200253 a 4500 |
| 003 - IDENTIFICADOR DEL NÚMERO DE CONTROL |
| Identificador del número de control |
OSt |
| 005 - FECHA Y HORA DE LA ÚLTIMA TRANSACCIÓN |
| Fecha y hora de la última transacción |
20211122191556.0 |
| 008 - CÓDIGOS DE INFORMACIÓN DE LONGITUD FIJA |
| Códigos de información de longitud fija |
051130s2005 sp |||||| 001 ||spa| |
| 017 ## - NÚMERO DE COPYRIGHT O DE DEPÓSITO LEGAL |
| Número de copyright o de depósito legal |
DL B. 36878-2005 |
| 020 ## - NÚMERO INTERNACIONAL NORMALIZADO PARA LIBROS |
| Número Internacional Normalizado para Libros (ISBN) |
8466316744 |
| 040 ## - FUENTE DE LA CATALOGACIÓN |
| Centro catalogador de origen |
No BUC. |
| Centro modificado |
SpMaUCGH |
| Lengua de catalogación |
cat |
| Centro transcriptor |
CDMR |
| 041 1# - CÓDIGO DE LENGUA |
| Código de lengua del texto/banda sonora o título independiente |
spa. |
| Código de lengua original |
eng |
| 080 ## - NÚMERO DE LA CLASIFICACIÓN DECIMAL UNIVERSAL |
| Número de la Clasificación Decimal Universal |
323.28"2001" |
| 100 1# - PUNTO DE ACCESO PRINCIPAL-NOMBRE DE PERSONA |
| Nombre de persona |
Hersh, Seymour M. |
| 245 10 - MENCIÓN DE TÍTULO |
| Título |
Obediencia debida : |
| Resto del título |
del 11-S a las torturas de Abu Ghraib / |
| Mención de responsabilidad, etc. |
Seymour M. Hersh ; traducción de Isabel Murillo y Luis Murillo Fort |
| 260 ## - PUBLICACIÓN, DISTRIBUCIÓN, ETC. (PIE DE IMPRENTA) |
| Lugar de publicación, distribución, etc. |
[Barcelona: |
| Nombre del editor, distribuidor, etc. |
Suma de Lletres], |
| Fecha de publicación, distribución, etc. |
cop. 2005 |
| 300 ## - DESCRIPCIÓN FÍSICA |
| Extensión |
579 p. ; |
| Dimensiones |
18 cm |
| 490 ## - MENCIÓN DE SERIE |
| Mención de serie |
Punto de lectura; |
| Designación de volumen o secuencia |
658/1 |
| 546 ## - NOTA DE LENGUA |
| Nota de lengua |
Trad. de: Chain of command : the road from 9/11 to Abu Ghraib |
| 650 00 - PUNTO DE ACCESO ADICIONAL DE MATERIA - TÉRMINO DE MATERIA |
| Término de materia o nombre geográfico como elemento inicial |
Terrorisme i mitjans de comunicació de massa |
| Subdivisión geográfica |
Estats Units |
| 9 (RLIN) |
1994 |
| 650 00 - PUNTO DE ACCESO ADICIONAL DE MATERIA - TÉRMINO DE MATERIA |
| Término de materia o nombre geográfico como elemento inicial |
Guerra d'Afganistan, 2001- |
| 9 (RLIN) |
3583 |
| 650 00 - PUNTO DE ACCESO ADICIONAL DE MATERIA - TÉRMINO DE MATERIA |
| Término de materia o nombre geográfico como elemento inicial |
Guerra d'Iraq, 2003-2011 |
| 9 (RLIN) |
3582 |
| 942 ## - ENTRADA DE ELEMENTOS AGREGADOS (KOHA) |
| Fuente de clasificaión o esquema |
|
| Koha [por defecto] tipo de item |
Monografies |